Programové dokumenty odpadového hospodárstva

Aktuálny stav odpadového hospodárstva na Slovensku. Program SR. Kontrola odpadov, zariadenia. Zhromažďovanie, skladovanie a zneškodňovanie odpadov. Nakladanie s biologicky rozložiteľným odpadom. Opätovné použitie odpadov. Držitelia autorizácie na spracovateľskú činnosť.

Guardado en:
Detalles Bibliográficos
Autor principal: Matulková, Mariana
Formato: Capítulo de libro
Lenguaje:eslovaco
Materias:
Etiquetas: Agregar Etiqueta
Sin Etiquetas, Sea el primero en etiquetar este registro!

MARC

LEADER 00000naa a2200000 4500
001 0217045
005 20231120105036.4
041 0 |a slo 
044 |a SK 
245 1 0 |a Programové dokumenty odpadového hospodárstva  |c Mariana Matulková 
520 |a Aktuálny stav odpadového hospodárstva na Slovensku. Program SR. Kontrola odpadov, zariadenia. Zhromažďovanie, skladovanie a zneškodňovanie odpadov. Nakladanie s biologicky rozložiteľným odpadom. Opätovné použitie odpadov. Držitelia autorizácie na spracovateľskú činnosť. 
610 2 0 |a hospodárstvo odpadové 
610 2 0 |a odpad 
610 2 0 |a Slovensko 
100 1 |a Matulková, Mariana